Slovenská antropológia bulletin Slovenskej antropologickej spoločnosti pri SAV
| Predchádzajúci názov: | Bulletin Slovenskej antropologickej spoločnosti pri SAV |
|---|---|
| Ďalší autori: | |
| Médium: | Časopis |
| Jazyk: | slovenčina čeština angličtina |
| Fyzický popis: | 18 zv. 21 cm |
| Vydavateľské údaje: |
Bratislava
Slovenská technická univerzita vo Vydavateľstve Spektrum STU
2003-2021
|
| ISBN: | 802272033X (brož. : 6/2003) |
| ISSN: | 1336-5827 |
| Predmet: | |
| On-line prístup: | https://anthropology.sk/ |
MARC
| LEADER | 00000cas a2200000 a 4500 | ||
|---|---|---|---|
| 001 | vtls008884861 | ||
| 003 | SK-MaSNL | ||
| 005 | 20260228162319.0 | ||
| 008 | 150311d20032021xo fr|p 0 b0slo | ||
| 020 | |a 802272033X (brož. : 6/2003) | ||
| 022 | |a 1336-5827 | ||
| 035 | |a (SVKBB03)vtls000211849 | ||
| 040 | |a SVKBB |b slo |c SVKBB |d SAVUK |d SNK |e AACR2 | ||
| 041 | 0 | |a slo |a cze |a eng |b eng | |
| 044 | |a xo |c SK | ||
| 072 | 7 | |a 572 |x Antropológia |2 konspekt | |
| 080 | |a 572 |2 2011 | ||
| 080 | |a 050 |2 2011 | ||
| 080 | |a (051)-027.561 |2 2011 | ||
| 210 | 0 | |a Slov. antropol. | |
| 222 | 0 | |a Slovenská antropológia | |
| 245 | 0 | 0 | |a Slovenská antropológia |b bulletin Slovenskej antropologickej spoločnosti pri SAV |
| 260 | |a Bratislava |b Slovenská technická univerzita vo Vydavateľstve Spektrum STU |c 2003-2021 | ||
| 300 | |a 18 zv. |c 21 cm | ||
| 310 | |a 2x ročne |b 2004-2021 | ||
| 321 | |a 1x ročne |b 2003 | ||
| 362 | 0 | |a Roč. 6 = n.s. 1 (2003)-roč. 24, č. 1/2 (2021) | |
| 500 | |a Na obálke roč. 6 (n.s. 1) označenie roka 2004 | ||
| 500 | |a Editor: 2003-2021, Milan Thurzo | ||
| 500 | |a Registračné číslo MK SR: EV 3533/10 | ||
| 500 | |a Od roku 2022 vychádza už iba v online podobe na internete = ISSN 2730-0552 | ||
| 547 | |a Slovenská antropológia je priamym pokračovaním Bulletinu Slovenskej antropologickej spoločnosti pri SAV, 1998-2002, pôvodný názov však ostáva podtitulom nového názvu. V súvislosti s touto zmenou sa mení aj číslovanie periodika | ||
| 550 | |a Pre nakladateľa Slovenskú antropologickú spoločnosť pri SAV vydáva Slovenská technická univerzita, Bratislava vo Vydavateľstve SPEKTRUM STU, Bratislava | ||
| 650 | 0 | 7 | |a antropológia |2 SNKPH |9 717 |
| 650 | 0 | 7 | |a Anthropology |2 SNKPHeng |9 266558 |
| 655 | 7 | |a odborné časopisy |2 SNKPH |9 70505 | |
| 655 | 7 | |a Professional journals |2 SNKPHeng |9 265007 | |
| 700 | 1 | |a Thurzo, Milan, |d 1942- |4 edt |9 87561 | |
| 710 | 2 | |a Slovenská antropologická spoločnosť |4 pbl |9 34515 | |
| 780 | 0 | 0 | |t Bulletin Slovenskej antropologickej spoločnosti pri SAV |w vtls001474644 |
| 852 | |a Štátna vedecká knižnica v Banskej Bystrici | ||
| 856 | 4 | 1 | |u https://anthropology.sk/ |
| 910 | |a snk | ||
| 910 | |a savuk | ||
| 910 | |a svkbb | ||
| 916 | |a 2003-2014, 2015-2018, 2019, 2020, 2021 | ||
| 919 | |a 80-227-2033-X | ||
| 999 | |c 7530 |d 9460 | ||
| 952 | |a SNK |b SNK |y PREZ |7 0 |p 17A0431530 |o snkČSD 2136/6(1)/2003 |i snkPV 1181/2004 |f 1 |0 0 |1 0 |4 0 |d 2004-09-08 |l 0 |r 2005-01-02 00:00:00 |w 2026-02-21 | ||
| 952 | |a SNK |b SNK |y PREZ |7 0 |p 17A0431531 |o snkČSD 2136/6(1)/2003 D1 |i snkPV 1182/2004 |0 0 |1 0 |4 0 |d 2004-09-08 |l 1 |r 2026-03-26 10:38:06 |s 2026-02-28 |w 2026-02-21 | ||
| 952 | |t č. 1-2 |a SNK |b SNK |y PREZ |7 0 |p 17A1434788 |o snkČSD 2136/23/2020 |i snk2021/7558 |8 0 |f 1 |0 0 |1 0 |4 0 |d 2021-06-23 |l 0 |r 2026-02-21 19:59:59 |w 2026-02-21 | ||
| 952 | |t č. 1-2 |a SNK |b SNK |y PREZ |7 0 |p 17A1523916 |o snkČSD 2136/22/2019 D1 |i snk2024/13964 |8 0 |0 0 |1 0 |4 0 |d 2024-09-06 |l 0 |r 2026-02-21 20:01:11 |w 2026-02-21 | ||
| 952 | |t č. 1-2 |a SNK |b SNK |y PREZ |7 0 |p 17A1465805 |o snkČSD 2136/24/2021 |i snk2023/4779 |8 0 |f 1 |0 0 |1 0 |4 0 |d 2023-03-21 |l 0 |r 2026-02-21 20:17:48 |w 2026-02-21 | ||
| 952 | |a SNK |b SNK |y PREZ |7 0 |p 17A0446432 |o snkČSD 2136/7(2)/2004 |i snk2005/6066 |8 0 |f 1 |0 0 |1 0 |4 0 |d 2005-04-13 |l 0 |r 2026-02-21 21:21:22 |w 2026-02-21 | ||
| 952 | |a SNK |b SNK |y PREZ |7 0 |p 17A0446433 |o snkČSD 2136/7(2)/2004 D1 |i snk2005/6067 |8 0 |0 0 |1 0 |4 0 |d 2005-04-13 |l 0 |r 2026-02-21 21:21:22 |w 2026-02-21 | ||
| 952 | |t č. 1-2 |a SNK |b SNK |y PREZ |7 0 |p 17A1144154 |o snkČSD 2136/16/2013 |i snk2015/15286 |8 0 |f 1 |0 0 |1 0 |4 0 |d 2015-05-12 |l 0 |r 2026-02-21 21:26:06 |w 2026-02-21 | ||
| 952 | |t č. 1-2 |a SNK |b SNK |y PREZ |7 0 |p 17A1144153 |o snkČSD 2136/16/2013 D1 |i snk2015/15290 |8 0 |0 0 |1 0 |4 0 |d 2015-05-12 |l 0 |r 2026-02-21 21:26:07 |w 2026-02-21 | ||
| 952 | |t č. 1-2 |a SNK |b SNK |y PREZ |7 0 |p 17A1144152 |o snkČSD 2136/17/2014 |i snk2015/15292 |8 0 |f 1 |0 0 |1 0 |4 0 |d 2015-05-12 |l 0 |r 2026-02-21 21:26:07 |w 2026-02-21 | ||
| 952 | |t č. 1-2 |a SNK |b SNK |y PREZ |7 0 |p 17A1144151 |o snkČSD 2136/17/2014 D1 |i snk2015/15295 |8 0 |0 0 |1 0 |4 0 |d 2015-05-12 |l 0 |r 2026-02-21 21:26:07 |w 2026-02-21 | ||
| 952 | |t č. 1-2 |a SNK |b SNK |y PREZ |7 0 |p 17A1086304 |o snkČSD 2136/8/2005 |i snk2013/25495 |8 0 |f 1 |0 0 |1 0 |4 0 |d 2013-10-21 |l 0 |r 2026-02-21 21:32:37 |w 2026-02-21 | ||
| 952 | |t č. 1-2 |a SNK |b SNK |y PREZ |7 0 |p 17A1086305 |o snkČSD 2136/8/2005 D1 |i snk2013/25496 |8 0 |0 0 |1 0 |4 0 |d 2013-10-21 |l 0 |r 2026-02-21 21:32:37 |w 2026-02-21 | ||
| 952 | |t č. 1-2 |a SNK |b SNK |y PREZ |7 0 |p 17A1086306 |o snkČSD 2136/9/2006 |i snk2013/25497 |8 0 |f 1 |0 0 |1 0 |4 0 |d 2013-10-21 |l 0 |r 2026-02-21 21:32:37 |w 2026-02-21 | ||
| 952 | |t č. 1-2 |a SNK |b SNK |y PREZ |7 0 |p 17A1086307 |o snkČSD 2136/9/2006 D1 |i snk2013/25498 |8 0 |0 0 |1 0 |4 0 |d 2013-10-21 |l 0 |r 2026-02-21 21:32:37 |w 2026-02-21 | ||
| 952 | |t č. 1-2 |a SNK |b SNK |y PREZ |7 0 |p 17A1086308 |o snkČSD 2136/10/2007 |i snk2013/25499 |8 0 |f 1 |0 0 |1 0 |4 0 |d 2013-10-21 |l 0 |r 2026-02-21 21:32:37 |w 2026-02-21 | ||
| 952 | |t č. 1-2 |a SNK |b SNK |y PREZ |7 0 |p 17A1086309 |o snkČSD 2136/10/2007 D1 |i snk2013/25500 |8 0 |0 0 |1 0 |4 0 |d 2013-10-21 |l 0 |r 2026-02-21 21:32:37 |w 2026-02-21 | ||
| 952 | |t č. 1-2 |a SNK |b SNK |y PREZ |7 0 |p 17A1086310 |o snkČSD 2136/11/2008 |i snk2013/25501 |8 0 |f 1 |0 0 |1 0 |4 0 |d 2013-10-21 |l 0 |r 2026-02-21 21:32:37 |w 2026-02-21 | ||
| 952 | |t č. 1-2 |a SNK |b SNK |y PREZ |7 0 |p 17A1086311 |o snkČSD 2136/11/2008 D1 |i snk2013/25502 |8 0 |0 0 |1 0 |4 0 |d 2013-10-21 |l 0 |r 2026-02-21 21:32:37 |w 2026-02-21 | ||
| 952 | |t č. 1-2 |a SNK |b SNK |y PREZ |7 0 |p 17A1086312 |o snkČSD 2136/12/2009 |i snk2013/25503 |8 0 |f 1 |0 0 |1 0 |4 0 |d 2013-10-21 |l 0 |r 2026-02-21 21:32:37 |w 2026-02-21 | ||
| 952 | |t č. 1-2 |a SNK |b SNK |y PREZ |7 0 |p 17A1086313 |o snkČSD 2136/12/2009 D1 |i snk2013/25504 |8 0 |0 0 |1 0 |4 0 |d 2013-10-21 |l 0 |r 2026-02-21 21:32:37 |w 2026-02-21 | ||
| 952 | |t č. 1-2 |a SNK |b SNK |y PREZ |7 0 |p 17A1086314 |o snkČSD 2136/13/2010 |i snk2013/25505 |8 0 |f 1 |0 0 |1 0 |4 0 |d 2013-10-21 |l 0 |r 2026-02-21 21:32:38 |w 2026-02-21 | ||
| 952 | |t č. 1-2 |a SNK |b SNK |y PREZ |7 0 |p 17A1086315 |o snkČSD 2136/13/2010 D1 |i snk2013/25506 |8 0 |0 0 |1 0 |4 0 |d 2013-10-21 |l 0 |r 2026-02-21 21:32:38 |w 2026-02-21 | ||
| 952 | |t č. 1-2 |a SNK |b SNK |y PREZ |7 0 |p 17A1086316 |o snkČSD 2136/14/2011 |i snk2013/25507 |8 0 |f 1 |0 0 |1 0 |4 0 |d 2013-10-21 |l 0 |r 2026-02-21 21:32:38 |w 2026-02-21 | ||
| 952 | |t č. 1-2 |a SNK |b SNK |y PREZ |7 0 |p 17A1086317 |o snkČSD 2136/14/2011 D1 |i snk2013/25508 |8 0 |0 0 |1 0 |4 0 |d 2013-10-21 |l 0 |r 2026-02-21 21:32:38 |w 2026-02-21 | ||
| 952 | |t č. 1-2 |a SNK |b SNK |y PREZ |7 0 |p 17A1086318 |o snkČSD 2136/15/2012 |i snk2013/25509 |8 0 |f 1 |0 0 |1 0 |4 0 |d 2013-10-21 |l 0 |r 2026-02-21 21:32:38 |w 2026-02-21 | ||
| 952 | |t č. 1-2 |a SNK |b SNK |y PREZ |7 0 |p 17A1086319 |o snkČSD 2136/15/2012 D1 |i snk2013/25510 |8 0 |0 0 |1 0 |4 0 |d 2013-10-21 |l 0 |r 2026-02-21 21:32:38 |w 2026-02-21 | ||
| 952 | |t č. 1-2 |a SNK |b SNK |y PREZ |7 0 |p 17A1382874 |o snkČSD 2136/19/2016 |i snk2019/23177 |8 0 |f 1 |0 0 |1 0 |4 0 |d 2019-09-18 |l 0 |r 2026-02-21 21:52:31 |w 2026-02-21 | ||
| 952 | |t č. 1-2 |a SNK |b SNK |y PREZ |7 0 |p 17A1382875 |o snkČSD 2136/20/2017 |i snk2019/23178 |8 0 |f 1 |0 0 |1 0 |4 0 |d 2019-09-18 |l 0 |r 2026-02-21 21:52:31 |w 2026-02-21 | ||
| 952 | |t č. 1-2 |a SNK |b SNK |y PREZ |7 0 |p 17A1382876 |o snkČSD 2136/21/2018 |i snk2019/23180 |8 0 |f 1 |0 0 |1 0 |4 0 |d 2019-09-18 |l 0 |r 2026-02-21 21:52:31 |w 2026-02-21 | ||
| 952 | |t č. 1-2 |a SNK |b SNK |y PREZ |7 0 |p 17A1382877 |o snkČSD 2136/19/2016 D1 |i snk2019/23181 |8 0 |0 0 |1 0 |4 0 |d 2019-09-18 |l 0 |r 2026-02-21 21:52:31 |w 2026-02-21 | ||
| 952 | |t č. 1-2 |a SNK |b SNK |y PREZ |7 0 |p 17A1382878 |o snkČSD 2136/20/2017 D1 |i snk2019/23184 |8 0 |0 0 |1 0 |4 0 |d 2019-09-18 |l 0 |r 2026-02-21 21:52:32 |w 2026-02-21 | ||
| 952 | |t č. 1-2 |a SNK |b SNK |y PREZ |7 0 |p 17A1382879 |o snkČSD 2136/21/2018 D1 |i snk2019/23185 |8 0 |0 0 |1 0 |4 0 |d 2019-09-18 |l 0 |r 2026-02-21 21:52:32 |w 2026-02-21 | ||
| 952 | |t č. 1-2 |a SNK |b SNK |y PREZ |7 0 |p 17A1202309 |o snkČSD 2136/18/2015 |i snk2016/18616 |8 0 |f 1 |0 0 |1 0 |4 0 |d 2016-08-04 |l 0 |r 2026-02-21 21:54:44 |w 2026-02-21 | ||
| 952 | |t č. 1-2 |a SNK |b SNK |y PREZ |7 0 |p 17A1202308 |o snkČSD 2136/18/2015 D1 |i snk2016/18617 |8 0 |0 0 |1 0 |4 0 |d 2016-08-04 |l 0 |r 2026-02-21 21:54:44 |w 2026-02-21 | ||
| 952 | |t č. 1-2 |a SNK |b SNK |y PREZ |7 0 |p 17A1388530 |o snkČSD 2136/22/2019 |i snk2020/10350 |8 0 |f 1 |0 0 |1 0 |4 0 |d 2020-06-12 |l 0 |r 2026-02-21 22:01:33 |w 2026-02-21 | ||


